000 00259nam a2200097Ia 4500
001 1109904
005 20250827003841.0
008 250824s9999 xx 000 0 und d
245 0 _aKARAGÖZ HAYAL PERDESİ
_cÜNVER ORAL
260 _bMİLLİ EĞİTİM BAKANLIĞI
999 _c1109904
_d1109904